| 000 | 00915nam a22002057a 4500 | ||
|---|---|---|---|
| 003 | BD-DhUL | ||
| 005 | 20220821112737.0 | ||
| 008 | 160821s1967 bg a|f|| |b|| 001 0 ben | ||
| 040 |
_cBD-DhUL _dBD-DhUL |
||
| 082 |
_a954.925 _bJAS |
||
| 100 | 1 | _aজলীল, এ. এফ. এম আবদুল | |
| 245 | 0 | 0 |
_aসুন্দরবনের ইতিহাস : খ. ২ ও ৩ / _cএ. এফ. এম আবদুল জলীল । |
| 260 |
_aঢাকা : _bলিস্কম্যান, _c১৯৬৭ । |
||
| 300 |
_aখ., [৫] পাতা প্লেটস : _bসম্মুখ চিত্র ; _c২০ সেমি. |
||
| 365 |
_aBDT _b15.00 |
||
| 504 | _aগ্রন্থপঞ্জিগত তথ্য ও নির্ঘন্ট সংবলিত । | ||
| 651 | 4 |
_aসুন্দরবন _x ইতিহাস । |
|
| 651 | 4 |
_aSundarbans _xHistory. |
|
| 942 |
_2ddc _cBK |
||
| 999 |
_c104295 _d104295 |
||